مكتبة جامعة عجلون الوطنية

فهرس بحث المكتبة

Normal view MARC view
  • الجمزورى، سليمان بن حسين؛ تحقيق وتعليق عبد الرزاق بن علي بن ابراهيم موسى

Entry Personal Name

Number of records used in: 1

001 - CONTROL NUMBER

  • control field: 8976

003 - CONTROL NUMBER IDENTIFIER

  • control field: JO-AjAnu

005 - DATE AND TIME OF LATEST TRANSACTION

  • control field: 20230606071739.0

008 - FIXED-LENGTH DATA ELEMENTS

  • fixed length control field: 230606|| aca||aabn | a|a d

040 ## - CATALOGING SOURCE

  • Original cataloging agency: JO-AjAnu
  • Transcribing agency: JO-AjAnu

100 ## - HEADING--PERSONAL NAME

  • Personal name: الجمزورى، سليمان بن حسين؛ تحقيق وتعليق عبد الرزاق بن علي بن ابراهيم موسى

670 ## - SOURCE DATA FOUND

  • Source citation: Work cat.: (JO-AjAnu)4630: الجمزورى، سليمان بن حسين؛ تحقيق وتعليق عبد الرزاق بن علي بن ابراهيم موسى, author, الفتح الرحماني : شرح كنز المعاني بتحرسر حرز الأماني